000 00450nam a2200169 i 4500
001 38847
003 ES-MaACL
005 20230906155833.0
007 t|
008 030226q19001999sp ||||1| spa d
100 1 _aCamba, Francisco.
_934019
245 1 4 _aLos nietos de Icaro
_b: novela /
_cFrancisco Camba.
250 _a2ยช ed.
260 _aMadrid :
_b[s.n.,
_c19--?] (
_fImp. Latina)
300 _a296 p. ;
_c19 cm.
852 _aES-MaACL
_jF-4940
999 _c38847
_d38847